000 00599cam a22002053a 4500
001 40712
003 PGUSA
005 20140828083917.0
008 120908s2012||||xxu|||||s|||||000 | eng d
040 _aPGUSA
_beng
042 _adc
100 1 _aKock, Paul de,
_d1793-1871
245 1 4 _aThe White House (Novels of Paul de Kock Volume XII)
_h[electronic resource] /
_cPaul de Kock
260 _bProject Gutenberg,
_c2012
506 _aPublic domain in the USA.
516 _aElectronic text
830 0 _aProject Gutenberg
_v40712
856 4 0 _uhttp://www.gutenberg.org/ebooks/40712
942 _cEB
999 _c269964
_d269964